000
00265 a2200121 4500
999
_c
12153
_d
12153
008
231228b ||||| |||| 00| 0 eng d
020
_a
9791196799700
082
_a
692.1
100
_a
Sik
245
_a
Saigan Express Between + 2
260
_b
IFPD
942
_2
ddc